Normal view
MARC view
- Supervisor Dr. Farhan Riaz
Entry Personal Name
001 - CONTROL NUMBER
- control field: 69758
003 - CONTROL NUMBER IDENTIFIER
- control field: NUST
005 - DATE AND TIME OF LATEST TRANSACTION
- control field: 20210628204305.0
008 - FIXED-LENGTH DATA ELEMENTS
- fixed length control field: 210628|| aca||aabn | a|a d
040 ## - CATALOGING SOURCE
- Original cataloging agency: NUST
- Transcribing agency: NUST
100 ## - HEADING--PERSONAL NAME
- Personal name: Supervisor Dr. Farhan Riaz
670 ## - SOURCE DATA FOUND
- Source citation: Work cat.: (NUST): Sana Ullah 51550, TH-SOF-1522-Edge Flow Based Level Set Evolution Approach for Medical Image Segmentation, 2018
